| 000 | 00667nam a2200229 a 4500 | ||
|---|---|---|---|
| 001 | 86171 | ||
| 003 | BD-RjUL | ||
| 005 | 20260215155230.0 | ||
| 008 | 260215s2018 nyu||||| |||| 00| 0 eng d | ||
| 020 | _a 9781632407313 | ||
| 035 | _a(BD-RjUL)86171 | ||
| 040 |
_aBD-RjUL _beng _cBD-RjUL |
||
| 041 | _aeng | ||
| 082 |
_223 _a351 _bPUB 2018 |
||
| 245 |
_aPublic Administration : _bManagement and Policies in the Public Sector / _cEdited by Zach Jacob |
||
| 260 |
_aNew York : _bCLANRYE INTERNATIONAL, _c2018 |
||
| 300 |
_a181p.: _bill.; _c26 cm. |
||
| 504 | _aIncludes index. | ||
| 650 | _aPublic Administration | ||
| 700 |
_aJacob, Zach _917712 |
||
| 942 |
_2ddc _cBK |
||
| 999 |
_c86171 _d86171 |
||